| 000 | 00660nam a22002057a 4500 | ||
|---|---|---|---|
| 999 |
_c15121 _d15121 |
||
| 003 | OSt | ||
| 082 | _2631.587 AFE/AU | ||
| 088 | _aP 336 | ||
| 100 |
_aAFEEFA MATUMMAL _93580 |
||
| 245 | _aAutomation in pulse irrigation using arduino | ||
| 260 |
_aTavanur 2016 _bDepartment of Irrigation and Drainage Engineering |
||
| 300 | _a99 | ||
| 500 | _aAutomation in pulse irrigation using arduino | ||
| 520 | _aAutomation in pulse irrigation using arduino | ||
| 700 |
_aChinju Saju _93581 |
||
| 700 |
_aJayalakshmi R _93582 |
||
| 700 |
_aEr. Vishnu B (Guide) _93355 |
||
| 856 | _uhttps://drive.google.com/open?id=1DNyaOMfhrJ4JlSFI-cwy9U7IwtjMZknS | ||
| 942 | _cPR | ||